000 00690nam a2200277Ia 4500
005 20260324113131.0
008 008 260324s9999 xx 000 0 eng d
020 _a9781003376101
037 _aEBOOK
040 _aCRL
040 _beng
040 _cCRL
041 _2eng
041 _aeng
084 _qCRL
100 _aAlison J. Miller
_91145557
245 0 _aEnvisioning the Empress: The Lives and Images of Japanese Imperial Women, 1868–1952
260 _bTaylor and Francis
260 _c2024
365 _a
365 _b220
856 _uhttp://www.taylorfrancis.com/books/9781003376101
942 _cEBOOK
999 _c1735049
_d1735049